| 000 | 00347nam a2200133Ia 4500 | ||
|---|---|---|---|
| 008 | 210210b1970 xxu||||| |||| 00| 0 eng d | ||
| 082 | _a301 REYS | ||
| 100 | _aREYNOLDS (L T) & REYNOLDS (J M), Eds. | ||
| 245 | _aSociology of sociology. | ||
| 260 |
_aNY _bDavid Mckay Co. Inc. _c1970 |
||
| 300 | _aviii,420 | ||
| 690 | _aSociology | ||
| 906 | _a044777 | ||
| 999 |
_c94426 _d94426 |
||